The Wonderful World of Elon Musk - Statistics

General Stats
  • This quiz has been taken 10,842 times
    7,199 since last reset
  • The average score is 11 of 18
Answer Stats
Hint Answer % Correct
What is the name of his car company? Tesla
99%
What is the name of his space launch company? SpaceX
88%
What country was Elon Musk born in? South Africa
82%
What does Elon Musk want to nuke (in order to make it more habitable)? Mars
74%
What does the Neuralink company hope to one day connect with computers? Human brains
70%
Name one of the dog-themed cryptocurrencies he has supported. Dogecoin / Shiba Inu coin
65%
Which U.S. state did he move to in 2020? Texas
65%
What company made Elon Musk rich when it was purchased by eBay in 2002? Paypal
63%
In 2018, Musk launched a plan to rescue kids trapped in a cave using a tiny submarine, but his plan was deemed impractical. What country were the kids trapped in? Thailand
62%
What actress did Musk date in 2018? Amber {Heard}
57%
In 2018, Elon Musk falsely claimed that his car company was being purchased. What price per share did he say it was being bought for? (Hint: teenagers think it's funny) $420.69
54%
What is the name of Musk's proposed high-speed train in a vacuum tube? {Hyper}loop
52%
What is the name of his tunnel-drilling company? The {Boring} Company
51%
Who is the mother of Elon Musk's son X Æ A-12? Grimes
47%
What type of weapon did he sell in order to promote that company? Flamethrower
44%
What is manufactured at the Gigafactory in Nevada? Batteries
39%
What rocket was used to deliver a car into space? {Falcon} Heavy
26%
What residential solar company was acquired by Musk's car company in 2016? Solar{City}
15%
No matching quizzes found
Score Distribution
Percent of People with Each Score
Percentile by Number Answered
Your Score History
You have not taken this quiz since the last reset